Edipo rey / (Registro nro. 8483)

Detalles MARC
000 -LEADER
fixed length control field 00631nam a22002297a 4500
001 - CONTROL NUMBER
control field 0074
003 - CONTROL NUMBER IDENTIFIER
control field DO-SdBNP
005 - DATE AND TIME OF LATEST TRANSACTION
control field 20180125121822.0
007 - PHYSICAL DESCRIPTION FIXED FIELD--GENERAL INFORMATION
fixed length control field 0074
008 - FIXED-LENGTH DATA ELEMENTS--GENERAL INFORMATION
fixed length control field 151027b pe 2011 xxu||||| |||| 00| 0 spa d
020 ## - INTERNATIONAL STANDARD BOOK NUMBER
International Standard Book Number 9786124063985
040 ## - CATALOGING SOURCE
Original cataloging agency BPMSU
Language of cataloging spa
Transcribing agency BPMSU
092 ## - LOCALLY ASSIGNED DEWEY CALL NUMBER (OCLC)
Classification number xxxxxxxx
Item number xxxxxxxx
100 10 - MAIN ENTRY--PERSONAL NAME
Personal name Sófocles
245 10 - TITLE STATEMENT
Title Edipo rey /
Statement of responsibility, etc. Sófocles ; ilustración Gerson Jara Morales
260 ## - PUBLICATION, DISTRIBUTION, ETC. (IMPRINT)
Place of publication, distribution, etc. Lima, Perú :
Name of publisher, distributor, etc. Educativa,
Date of publication, distribution, etc. 2011
300 ## - PHYSICAL DESCRIPTION
Extent 91 p. :
Other physical details il.,
Dimensions 19 cm.
700 10 - ADDED ENTRY--PERSONAL NAME
Personal name Jara Morales, Gerson,
Materials specified il.
942 ## - ADDED ENTRY ELEMENTS (KOHA)
Source of classification or shelving scheme Dewey Decimal Classification
Koha item type Libros
945 ## - LOCAL PROCESSING INFORMATION (OCLC)
a Inventariado extranjero / 2018 VM
956 ## - LOCAL ELECTRONIC LOCATION AND ACCESS (OCLC)
Host name Brenda Tavárez
Existencias
Withdrawn status Lost status Source of classification or shelving scheme Damaged status Not for loan Collection code Home library Current library Date acquired Source of acquisition Total Checkouts Barcode Date last seen Price effective from Koha item type Copy number
    Dewey Decimal Classification     Colección General Biblioteca Pública Metropolitana Salomé Ureña Biblioteca Pública Metropolitana Salomé Ureña 10/27/2015 Compra   BPMSU15100212 10/27/2015 10/27/2015 Libros  
    Dewey Decimal Classification     Colección General Biblioteca Pública Metropolitana Salomé Ureña Biblioteca Pública Metropolitana Salomé Ureña 10/27/2015 Compra   BPMSU15100213 10/27/2015 10/27/2015 Libros e. 2
    Dewey Decimal Classification     Colección General Biblioteca Pública Metropolitana Salomé Ureña Biblioteca Pública Metropolitana Salomé Ureña 10/27/2015 Compra   BPMSU15100214 10/27/2015 10/27/2015 Libros e. 3